000 00632nam a2200241Ia 4500
003 OSt
005 20221007071251.0
006 a|||||r|||| 00| 0
007 ta
008 221006b |||||||| |||| 00| 0 eng d
024 _a24,892
037 _cTextual
040 _aFLL
_cFLL
_beng
041 _2eng
_aeng
082 _aZ3, J33
100 _aJames Philip S.
_9688419
245 0 _aIntroduction to English law
250 _a2nd
260 _aLondon
_bButterworth & Co. (Publishers) Ltd. Londond
_c1953
300 _a1-448p
_ccm.
942 _hZ3, J33
_cTEXL
_2CC
999 _c1142895
_d1142895